[Event "119th Scottish Championship"]
[Site "Glasgow"]
[Date "2012.07.14"]
[Round "9"]
[White "Parks, Joe"]
[Black "Aird, Ian"]
[Result "1-0"]
[WhiteElo "1910"]
[BlackElo "2000"]
[PlyCount "51"]
[EventDate "2012.07.07"]
[EventType "swiss"]
[EventRounds "9"]
[EventCountry "SCO"]
[Source "Chess Scotland"]
[SourceDate "2012.07.24"]

1. d4 d6 2. Nf3 Nf6 3. c4 Nbd7 4. Nc3 e5 5. e4 Be7 6. Be2 c6 7. O-O a6 8. Qc2
Qc7 9. h3 O-O 10. Be3 Re8 11. Rfd1 Bf8 12. Rac1 g6 13. b4 d5 14. dxe5 dxe4 15.
exf6 exf3 16. Bxf3 Nxf6 17. c5 Bf5 18. Qb2 Rad8 19. Ne2 Bg7 20. Bd4 Nh5 21. g4
Bxd4 22. Rxd4 Rxd4 23. Qxd4 Rxe2 24. Bxe2 Nf4 25. Bf1 Be6 26. Re1 1-0

[Event "119th Scottish Championship"]
[Site "Glasgow"]
[Date "2012.07.14"]
[Round "9"]
[White "Nepveu, Manuel"]
[Black "Campbell, Eoin"]
[Result "1/2-1/2"]
[WhiteElo "1955"]
[BlackElo "1868"]
[PlyCount "39"]
[EventDate "2012.07.07"]
[EventType "swiss"]
[EventRounds "9"]
[EventCountry "SCO"]
[Source "Chess Scotland"]
[SourceDate "2012.07.24"]

1. d4 d6 2. c4 f5 3. Nc3 Nf6 4. Bg5 Nbd7 5. g3 g6 6. Bg2 Bg7 7. Nf3 O-O 8. O-O
c6 9. Qc2 h6 10. Bd2 Qe8 11. b4 g5 12. b5 Qh5 13. bxc6 bxc6 14. Ne1 e5 15. d5
e4 16. f3 cxd5 17. cxd5 Ne5 18. Rb1 Ba6 19. Nb5 f4 20. gxf4 {score unreadable}
1/2-1/2

[Event "119th Scottish Championship"]
[Site "Glasgow"]
[Date "2012.07.14"]
[Round "9"]
[White "Rutherford, Elaine"]
[Black "Roy, Ali"]
[Result "0-1"]
[WhiteElo "2091"]
[BlackElo "1822"]
[PlyCount "84"]
[EventDate "2012.07.07"]
[EventType "swiss"]
[EventRounds "9"]
[EventCountry "SCO"]
[Source "Chess Scotland"]
[SourceDate "2012.07.24"]

1. e4 e6 2. d4 d5 3. e5 c5 4. c3 Nc6 5. Nf3 Nge7 6. Be2 Nf5 7. g4 Nh4 8. Nxh4
Qxh4 9. Bf4 cxd4 10. cxd4 Bb4+ 11. Nc3 O-O 12. Rc1 f6 13. Bg3 Qh6 14. O-O fxe5
15. dxe5 Bd7 16. f4 g5 17. Nxd5 exd5 18. f5 Be6 19. Bf3 Rad8 20. Qb3 Bd2 21.
Rcd1 Nd4 22. Qa4 Be3+ 23. Kg2 Nxf5 24. gxf5 Rxf5 25. Bg4 Rxf1 26. Rxf1 d4 27.
Bxe6+ Qxe6 28. Qb5 Qc6+ 29. Qxc6 bxc6 30. e6 Re8 31. Rf6 d3 32. Kf3 Bd4 33. Rf5
Rxe6 34. Rxg5+ Kf7 35. Bf4 Re2 36. Rg2 Rxg2 37. Kxg2 Bxb2 38. Kf2 c5 39. Be3 c4
40. Bxa7 c3 41. Be3 c2 42. a4 Bc3 0-1

[Event "119th Scottish Championship"]
[Site "Glasgow"]
[Date "2012.07.14"]
[Round "9"]
[White "Borwell, Alan P"]
[Black "Smith, Stephen H"]
[Result "1-0"]
[WhiteElo "2078"]
[BlackElo "1805"]
[PlyCount "77"]
[EventDate "2012.07.07"]
[EventType "swiss"]
[EventRounds "9"]
[EventCountry "SCO"]
[Source "Chess Scotland"]
[SourceDate "2012.07.24"]

1. e4 d5 2. exd5 Qxd5 3. Nc3 Qa5 4. Bc4 Nf6 5. Nge2 Bf5 6. Ng3 Bg6 7. O-O e6 8.
d4 c6 9. f4 Bb4 10. f5 exf5 11. Qe2+ Kf8 12. Bd2 Nbd7 13. a3 Bxc3 14. Bxc3 Qc7
15. Nxf5 Re8 16. Qf3 Bxf5 17. Qxf5 g6 18. Qf2 Re7 19. Bb4 c5 20. dxc5 a5 21.
Bc3 Ng4 22. Qf4 Nde5 23. Kh1 Qxc5 24. Bxe5 Nxe5 25. Qf6 Rg8 26. Bb3 Qc6 27. Qg5
Qc7 28. Rae1 Rg7 29. h4 h5 30. Rf4 Ng4 31. Rd1 Qe5 32. Rd8+ Re8 33. Rxe8+ Qxe8
34. Qxa5 b6 35. Qb4+ Kg8 36. Qd2 Qe5 37. g3 g5 38. hxg5 Qxg5 39. Rxf7 1-0

[Event "119th Scottish Championship"]
[Site "Glasgow"]
[Date "2012.07.14"]
[Round "9"]
[White "Walker, Duncan"]
[Black "Mirza, Gabriel"]
[Result "1-0"]
[WhiteElo "1991"]
[BlackElo "1772"]
[PlyCount "75"]
[EventDate "2012.07.07"]
[EventType "swiss"]
[EventRounds "9"]
[EventCountry "SCO"]
[Source "Chess Scotland"]
[SourceDate "2012.07.24"]

1. Nf3 Nf6 2. d4 c5 3. d5 Qc7 4. g3 e5 5. Bg2 d6 6. O-O b5 7. Nxe5 Bb7 8. Nf3
Bxd5 9. Bg5 Nbd7 10. Nbd2 h6 11. Bxf6 Nxf6 12. c4 Bc6 13. cxb5 Bxb5 14. Nd4 Rb8
15. Nxb5 Rxb5 16. Qa4 a6 17. Qxa6 Rxb2 18. Rab1 Rb4 19. a3 Rxb1 20. Rxb1 Nd7
21. Rb7 Qd8 22. Bc6 Be7 23. Rxd7 O-O 24. Rxd8 Bxd8 25. Ne4 Bc7 26. Qb7 Bb8 27.
Bd5 Kh8 28. a4 f5 29. Nc3 Kh7 30. a5 Kg6 31. a6 Kf6 32. f4 h5 33. a7 Bxa7 34.
Qxa7 g5 35. Qd7 gxf4 36. Qxd6+ Kg7 37. Qxf4 Kg6 38. h4 1-0

[Event "119th Scottish Championship"]
[Site "Glasgow"]
[Date "2012.07.14"]
[Round "9"]
[White "Ridge, Michael"]
[Black "Robinson, Stephen CE"]
[Result "1-0"]
[WhiteElo "1927"]
[BlackElo "1710"]
[PlyCount "66"]
[EventDate "2012.07.07"]
[EventType "swiss"]
[EventRounds "9"]
[EventCountry "SCO"]
[Source "Chess Scotland"]
[SourceDate "2012.07.24"]

1. e4 c5 2. Nf3 e6 3. g3 a6 4. Bg2 Nf6 5. d3 d5 6. Qe2 Be7 7. O-O O-O 8. e5
Nfd7 9. c4 b5 10. cxd5 exd5 11. e6 Nf6 12. exf7+ Rxf7 13. Ng5 Rf8 14. Ne6 Bxe6
15. Qxe6+ Kh8 16. Nc3 Qd6 17. Re1 Ra7 18. Nxd5 Nxd5 19. Bxd5 Qxe6 20. Rxe6 Bf6
21. a4 b4 22. Bf4 Rd7 23. Rd6 Rxd6 24. Bxd6 Bd4 25. Bf3 g6 26. Kg2 Kg7 27. Re1
Rf7 28. Re2 Kh6 29. Bd5 Rg7 30. f4 Rd7 31. Re6 Bxb2 32. g4 a5 33. Kf2 Kg7 1-0

[Event "119th Scottish Championship"]
[Site "Glasgow"]
[Date "2012.07.14"]
[Round "9"]
[White "Thomas, Daniel"]
[Black "Tsang, Sai Kong"]
[Result "0-1"]
[WhiteElo "1793"]
[BlackElo "1895"]
[PlyCount "28"]
[EventDate "2012.07.07"]
[EventType "swiss"]
[EventRounds "9"]
[EventCountry "SCO"]
[Source "Chess Scotland"]
[SourceDate "2012.07.24"]

1. d4 Nf6 2. c4 g6 3. Nc3 d5 4. Bg5 c6 5. e3 Bg7 6. Qc2 O-O 7. cxd5 Nxd5 8.
Nxd5 cxd5 9. Nf3 Nc6 10. a3 Bf5 11. Bd3 Qa5+ 12. Nd2 Nb4 13. Qc3 Nxd3+ 14. Ke2
Qa6 0-1

[Event "119th Scottish Championship"]
[Site "Glasgow"]
[Date "2012.07.14"]
[Round "9"]
[White "McLatchie, J."]
[Black "Floros, Antonios"]
[Result "0-1"]
[WhiteElo "1875"]
[BlackElo "1780"]
[PlyCount "50"]
[EventDate "2012.07.07"]
[EventType "swiss"]
[EventRounds "9"]
[EventCountry "SCO"]
[Source "Chess Scotland"]
[SourceDate "2012.07.24"]

1. e4 c5 2. Nc3 e6 3. f4 a6 4. Nf3 b5 5. d4 Bb7 6. e5 cxd4 7. Qxd4 Nc6 8. Qf2
Nh6 9. Bd3 Rc8 10. a3 Na5 11. h3 Nc4 12. Ne4 Nf5 13. b3 Bxe4 14. Bxe4 Bc5 15.
Qe2 Ng3 16. Qd3 Nxh1 17. bxc4 bxc4 18. Qc3 Qb6 19. Nd2 Bf2+ 20. Kd1 Bd4 21.
Nxc4 Bxc3 22. Nxb6 Bxa1 23. Nxc8 Nf2+ 24. Ke2 Nxe4 25. Ke3 f5 0-1

[Event "119th Scottish Championship"]
[Site "Glasgow"]
[Date "2012.07.14"]
[Round "9"]
[White "Schmerwitz, Reinhard"]
[Black "McCusker, Andrew"]
[Result "1-0"]
[WhiteElo "1874"]
[BlackElo "1217"]
[PlyCount "71"]
[EventDate "2012.07.07"]
[EventType "swiss"]
[EventRounds "9"]
[EventCountry "SCO"]
[Source "Chess Scotland"]
[SourceDate "2012.07.24"]

1. e4 c6 2. d4 d5 3. Nd2 dxe4 4. Nxe4 Bf5 5. Ng3 Bg6 6. h4 h6 7. Nf3 Nd7 8. h5
Bh7 9. Bd3 Bxd3 10. Qxd3 Ngf6 11. Bd2 e6 12. O-O-O Bd6 13. Ne4 Nxe4 14. Qxe4
Nf6 15. Qe2 Qc7 16. g3 O-O 17. g4 Nxg4 18. Rhg1 f5 19. Qxe6+ Kh8 20. Nh4 Rf6
21. Qe2 Qf7 22. Ng6+ Kh7 23. Kb1 Re8 24. Qf3 c5 25. Bf4 Bxf4 26. Qxf4 Rc6 27.
a3 Re4 28. Qb8 Re8 29. Qf4 Re4 30. Qg3 cxd4 31. f3 Re3 32. Qf4 Nf2 33. Rxd4
Rce6 34. Rc1 Re1 35. Qd2 R1e2 36. Rd8 1-0

[Event "119th Scottish Championship"]
[Site "Glasgow"]
[Date "2012.07.14"]
[Round "9"]
[White "Zamvar, Vipin"]
[Black "Thomas, Phil"]
[Result "0-1"]
[WhiteElo "1676"]
[BlackElo "1900"]
[PlyCount "96"]
[EventDate "2012.07.07"]
[EventType "swiss"]
[EventRounds "9"]
[EventCountry "SCO"]
[Source "Chess Scotland"]
[SourceDate "2012.07.24"]

1. e4 c5 2. Nf3 Nc6 3. g3 d6 4. Bg2 e5 5. d3 Be7 6. O-O Bg4 7. Nbd2 Qd7 8. Nc4
h5 9. Ne3 Nf6 10. c3 h4 11. Nxg4 Nxg4 12. h3 Nh6 13. g4 O-O-O 14. a3 g6 15. Ne1
f5 16. f3 Kb8 17. b4 d5 18. Nc2 dxe4 19. Bxh6 exd3 20. Bc1 dxc2 21. Qxc2 cxb4
22. axb4 Qd3 23. Rf2 Qxc2 24. Rxc2 Rd1+ 25. Kf2 Bg5 26. f4 Bxf4 27. Bxc6 Rxc1
28. Raxc1 Bxc1 29. Rxc1 bxc6 30. Rd1 Kc7 31. Ra1 Ra8 32. Ke3 a6 33. gxf5 gxf5
34. Rg1 Rf8 35. Rg7+ Kd6 36. Rg6+ Kd7 37. Rh6 f4+ 38. Kf2 e4 39. Rxh4 Ke6 40.
Rh5 Rf6 41. h4 f3 42. Ra5 e3+ 43. Kf1 Rf4 44. Rxa6 Rxh4 45. Rxc6+ Kd7 46. Rg6
Rh1+ 47. Rg1 e2+ 48. Kf2 Rxg1 0-1

[Event "119th Scottish Championship"]
[Site "Glasgow"]
[Date "2012.07.14"]
[Round "9"]
[White "Pyrich, George"]
[Black "Brown, Ken A"]
[Result "1-0"]
[WhiteElo "2007"]
[BlackElo "1773"]
[PlyCount "59"]
[EventDate "2012.07.07"]
[EventType "swiss"]
[EventRounds "9"]
[EventCountry "SCO"]
[Source "Chess Scotland"]
[SourceDate "2012.07.24"]

1. d4 Nf6 2. c4 e6 3. Nc3 c5 4. d5 exd5 5. cxd5 d6 6. e4 g6 7. h3 Bg7 8. Bd3
O-O 9. Bg5 Nbd7 10. Nge2 b5 11. Nxb5 Ne5 12. Nec3 Rb8 13. Rb1 a6 14. Na3 Qa5
15. O-O Bd7 16. f4 Nxd3 17. Qxd3 Bb5 18. Naxb5 axb5 19. a3 b4 20. axb4 cxb4 21.
Ne2 Rfe8 22. Ng3 Qb5 23. Qf3 Qc4 24. Rbe1 Qd4+ 25. Rf2 Nxd5 26. Rd1 Qb6 27.
Rxd5 Bxb2 28. f5 Bd4 29. Rxd4 Qxd4 30. fxg6 1-0

[Event "119th Scottish Championship"]
[Site "Glasgow"]
[Date "2012.07.14"]
[Round "9"]
[White "Eggink, Gerhard"]
[Black "Findlay, James"]
[Result "1-0"]
[WhiteElo "1965"]
[BlackElo "1746"]
[PlyCount "39"]
[EventDate "2012.07.07"]
[EventType "swiss"]
[EventRounds "9"]
[EventCountry "SCO"]
[Source "Chess Scotland"]
[SourceDate "2012.07.24"]

1. d4 Nf6 2. c4 e6 3. Nc3 c5 4. e3 d5 5. Nf3 Nc6 6. b3 cxd4 7. exd4 Bb4 8. Bd2
dxc4 9. bxc4 Nxd4 10. Nxd4 Qxd4 11. Qa4+ Bd7 12. Qxb4 Ng4 13. O-O-O Qxf2 14.
Ne4 Qb6 15. Nd6+ Kd8 16. Nxf7+ Kc8 17. Nxh8 Qxb4 18. Bxb4 Nf6 19. Bd3 Kc7 20.
Nf7 1-0

[Event "119th Scottish Championship"]
[Site "Glasgow"]
[Date "2012.07.14"]
[Round "9"]
[White "Emery, Keith"]
[Black "Robertson, Jim"]
[Result "1-0"]
[WhiteElo "1955"]
[BlackElo "1696"]
[PlyCount "117"]
[EventDate "2012.07.07"]
[EventType "swiss"]
[EventRounds "9"]
[EventCountry "SCO"]
[Source "Chess Scotland"]
[SourceDate "2012.07.24"]

1. e4 c6 2. Nf3 d5 3. exd5 cxd5 4. d4 Nc6 5. c3 Qc7 6. Bb5 Bf5 7. Ne5 a6 8. Qa4
Rc8 9. Bxc6+ bxc6 10. Qxa6 f6 11. Nd3 e5 12. dxe5 fxe5 13. O-O Bd6 14. Ne1 Nf6
15. Qe2 O-O 16. h3 Bxb1 17. Rxb1 Bc5 18. Nd3 Bb6 19. Qxe5 Qa7 20. Be3 Rce8 21.
Bxb6 Qxb6 22. Qd4 Qa6 23. Nb4 Qc8 24. Qd3 Ne4 25. f3 Ng5 26. Qd2 Re5 27. Nd3
Ref5 28. f4 Ne4 29. Qe3 g5 30. g4 gxf4 31. Rxf4 Rxf4 32. Nxf4 Qb8 33. Nd3 Ng3
34. Re1 Ne4 35. Rf1 Rxf1+ 36. Kxf1 Qh2 37. Ke1 Qh1+ 38. Ke2 Qg2+ 39. Kd1 Qf1+
40. Kc2 Qg2+ 41. Kb3 Qf1 42. Ka3 Qf8+ 43. b4 Qa8+ 44. Kb2 Qf8 45. Qf4 Qe7 46.
Qb8+ Kg7 47. Qe5+ Qf6 48. a4 Nd6 49. g5 Nc4+ 50. Kc1 Qxe5 51. Nxe5 Nxe5 52. a5
Nd7 53. a6 Nb6 54. Kd2 Kg6 55. Kd3 Kxg5 56. Kd4 Kh4 57. Kc5 Nc8 58. Kxc6 Kxh3
59. b5 1-0

[Event "119th Scottish Championship"]
[Site "Glasgow"]
[Date "2012.07.14"]
[Round "9"]
[White "Giulian, Rosemary A"]
[Black "Einarsson, Oskar Long"]
[Result "1/2-1/2"]
[WhiteElo "1918"]
[BlackElo "1571"]
[PlyCount "130"]
[EventDate "2012.07.07"]
[EventType "swiss"]
[EventRounds "9"]
[EventCountry "SCO"]
[Source "Chess Scotland"]
[SourceDate "2012.07.24"]

1. e4 c5 2. Nc3 Nc6 3. f4 g6 4. Nf3 Bg7 5. Bb5 Nd4 6. O-O Nxb5 7. Nxb5 d6 8.
Qe2 a6 9. Nc3 Nh6 10. d3 O-O 11. Bd2 b5 12. Rae1 e6 13. Nd1 Qb6 14. Kh1 Bb7 15.
Qf2 Ng4 16. Qh4 f5 17. Ng5 h6 18. Nxe6 Bf6 19. Qg3 Rfe8 20. exf5 gxf5 21. h3
Kf7 22. hxg4 Rxe6 23. Rxe6 Kxe6 24. gxf5+ Kd7 25. Qg6 Rf8 26. Bc3 Bxc3 27. Nxc3
Qd8 28. Ne4 Kc7 29. Kg1 c4 30. Rf2 Bd5 31. Nc3 Bc6 32. Re2 Rf6 33. Qh7+ Kb6 34.
dxc4 Qf8 35. Nd5+ Bxd5 36. cxd5 Rxf5 37. Qe7 Rxf4 38. Qxf8 Rxf8 39. Re6 Kc5 40.
Rxh6 Kxd5 41. Rh3 Re8 42. Kf2 Rc8 43. Rd3+ Ke5 44. Rd2 d5 45. Ke2 Rg8 46. Ke1
d4 47. Re2+ Kd5 48. Kf1 Rg6 49. a3 Kc4 50. Re1 d3 51. Re8 Kd5 52. cxd3 Rg3 53.
Rd8+ Kc5 54. b4+ Kb6 55. Rc8 a5 56. Rc2 axb4 57. axb4 Rg4 58. Rb2 Kc6 59. Kf2
Kd5 60. Kf3 Rd4 61. Rb3 Ke5 62. g3 Kf5 63. Ke3 Rg4 64. Kf3 Rd4 65. Ke3 Ke5
1/2-1/2

[Event "119th Scottish Championship"]
[Site "Glasgow"]
[Date "2012.07.14"]
[Round "9"]
[White "Aagaard, Jacob"]
[Black "Hebden, Mark L"]
[Result "1-0"]
[WhiteElo "2506"]
[BlackElo "2525"]
[PlyCount "103"]
[EventDate "2012.07.07"]
[EventType "swiss"]
[EventRounds "9"]
[EventCountry "SCO"]
[Source "Chess Scotland"]
[SourceDate "2012.07.24"]

1. e4 e5 2. Nf3 Nc6 3. d4 exd4 4. Nxd4 Nf6 5. Nxc6 bxc6 6. e5 Ne4 7. Be3 Qe7 8.
Qd4 Qb4+ 9. Qxb4 Bxb4+ 10. Nd2 Bxd2+ 11. Bxd2 Nxd2 12. Kxd2 Rb8 13. b3 d6 14.
Re1 Be6 15. Bd3 Kd7 16. f4 c5 17. Rhf1 f5 18. exf6 gxf6 19. Rf2 Bf7 20. Bf5+
Kc6 21. Re7 Rbf8 22. Rfe2 Bg6 23. Bd7+ Kb6 24. f5 Bf7 25. Be6 Bxe6 26. fxe6 Kc6
27. Ke3 h5 28. Kf4 h4 29. Rf7 Re8 30. Rxf6 Rh5 31. Kg4 Rh7 32. Rf7 Rxe6 33.
Rxc7+ Rxc7 34. Rxe6 Rg7+ 35. Kh3 Rf7 36. Re2 Rf4 37. g4 hxg3 38. Kxg3 Rf8 39.
h4 Kd5 40. h5 Kd4 41. c4 a5 42. Kg4 a4 43. h6 Kc3 44. Re3+ Kb2 45. Kh5 d5 46.
cxd5 Kxa2 47. bxa4 c4 48. Rc3 Rf5+ 49. Kg6 Rxd5 50. Rxc4 Rd6+ 51. Kg7 Rd7+ 52.
Kf8 1-0

[Event "119th Scottish Championship"]
[Site "Glasgow"]
[Date "2012.07.14"]
[Round "9"]
[White "Sreeves, Clement"]
[Black "Sengupta, Deep"]
[Result "0-1"]
[WhiteElo "2175"]
[BlackElo "2548"]
[PlyCount "144"]
[EventDate "2012.07.07"]
[EventType "swiss"]
[EventRounds "9"]
[EventCountry "SCO"]
[Source "Chess Scotland"]
[SourceDate "2012.07.24"]

1. e4 e6 2. d4 d5 3. Nc3 Bb4 4. e5 c5 5. a3 Bxc3+ 6. bxc3 Nc6 7. Qg4 g6 8. a4
Qc7 9. Bb5 Bd7 10. Bxc6 Qxc6 11. Nf3 cxd4 12. Qxd4 Rc8 13. Ra3 Qa6 14. Be3 Ne7
15. Qxa7 Qxa7 16. Bxa7 Ra8 17. Bc5 Ra5 18. Bb4 Rxa4 19. Rxa4 Bxa4 20. Kd2 Bb5
21. Ra1 Kd7 22. Ng5 Ba6 23. Re1 h6 24. Nf3 g5 25. h4 g4 26. Nd4 Rg8 27. g3 Ng6
28. Nb3 h5 29. Nd4 Bc4 30. f3 gxf3 31. Nxf3 Ne7 32. Ng5 Nf5 33. Rg1 Rg6 34.
Nxf7 Nxh4 35. Ke3 Rg4 36. Kf2 Ng6 37. Bd6 Ba6 38. Nh6 Rg5 39. Re1 Ne7 40. Rh1
Nc8 41. Bb8 Ne7 42. Bd6 Nc6 43. Kf3 Nxe5+ 44. Kf4 Nf7 45. Nxf7 Rf5+ 46. Ke3
Rxf7 47. Be5 Rf5 48. Kd4 Be2 49. Re1 Bg4 50. c4 Rf2 51. cxd5 Rd2+ 52. Kc3 Rxd5
53. Kb4 Kc6 54. c4 Rd3 55. Bf4 b6 56. Re3 Rd1 57. Re5 Bf5 58. Re3 Rf1 59. Be5
Rb1+ 60. Kc3 Kc5 61. Bd4+ Kd6 62. Be5+ Ke7 63. Bf4 Kf6 64. Re5 h4 65. Rb5 Rxb5
66. cxb5 e5 67. Be3 h3 68. Bg1 Kg5 69. Kd2 Kg4 70. Bh2 Kf3 71. g4 Bxg4 72. Bxe5
Bd7 0-1